Costa Rica poema a poema: un recorrido por el alma secreta de la patria (Registro nro. 11041)
[ vista simple ]
| 000 -Cabecera | |
|---|---|
| Campo de control de longitud fija | 00793nam a22002777a 4500 |
| 005 - Fecha y hora de la última transacción | |
| Campo de control | 20250806131425.0 |
| 008 - Elementos de longitud fija--Información general | |
| Campo de control de longitud fija | 180822b xxu||||| |||| 00| 0 spa d |
| 020 ## - International Standard Book Number | |
| Número Internacional Estándar del Libro (ISBN) | 9789968482332 |
| 041 ## - Idioma | |
| Código de idioma | Español |
| 082 ## - Clasificación Decimal Dewey | |
| Número de clasificación | CR 861.4 D633c |
| 100 ## - Entrada principal--Autor personal | |
| Nombre personal | Dobles Izaguirre, Julieta |
| 9 (RLIN) | 28108 |
| 245 ## - Título propiamente dicho | |
| Título | Costa Rica poema a poema: un recorrido por el alma secreta de la patria |
| 260 ## - Pie de imprenta | |
| Lugar de publicación, distribución, etc. | Costa Rica |
| 260 ## - Pie de imprenta | |
| Nombre del editor, distribuidor, etc. | EUNED |
| 260 ## - Pie de imprenta | |
| Fecha de publicación, distribución, etc. | 2017 |
| 300 ## - Descripción física | |
| Extensión | 200 páginas |
| 300 ## - Descripción física | |
| Otras características físicas | Ilustraciones a color |
| 490 ## - Serie | |
| Título de la Serie | TEMÁTICA GENERAL |
| 500 ## - Nota general | |
| Nota general | Incluye obras del artista Ricardo "Chino" Morales |
| 650 ## - Materia general | |
| Temática (materia general) | TEMÁTICA GENERAL |
| 650 ## - Materia general | |
| Temática (materia general) | LITERATURA COSTARRICENSE |
| 650 ## - Materia general | |
| Temática (materia general) | POESÍA COSTARRICENSE |
| 650 ## - Materia general | |
| Temática (materia general) | POESÍA FEMENINA |
| 650 ## - Materia general | |
| Temática (materia general) | COSTA RICA |
| 942 ## - Punto de acceso adicional KOHA | |
| Tipo de ítem KOHA | Literatura |
| Fuente del sistema de clasificación o colocación | Dewey Decimal Classification |
| Signatura completa | Código de barras | Programa Académico | Tipo de ítem |
|---|---|---|---|
| CR 861.4 D633c | 23366 | Temática General | Literatura |